01559nam a2200361 a 4500001001000000003000500010005001700015008004100032010001100073011001100084040000900095090001000104100004300114245016600157260004100323500006000364502006500424590004100489590004100530590004100571590004000612590004000652650004300692650004400735650003300779856007000812901000700882942001000889942000600899999001900905952013400924952013901058000108695CHAP20220329144021.0140305s2012 mx sm |||||||spa d a105157 a106129 cCHAP aTesis1 aMartínez Martínez, Aurelio912573710aModelo lluvia escurrimiento de la cuenca alta del río mixteco en el estado de Oaxaca con el programa hech-hmsh[En línea]cpor Aurelio Martínez Martínez. aChapingo, Méx. :bEl autor,c2012. aPara ver el contenido del material haga clic en la liga aTesis (Ing. Agr. Esp. en Irrigación) -- UACH. Irrigacíon aBATCH-UPDb10c20140324lUCH01h1536 aBATCH-UPDb10c20141002lUCH01h0857 aE11695DGDb10c20140306lUCH01h1348 aE5765TAJb05c20140305lUCH01h0853 aE5765TAJb05c20140305lUCH01h091514aCorrientes de aguaxMedición.92826114aCuencas hidrológicaszOaxaca.912573814aLluviaxSimulación.967339 aFinding aiduhttp://10.13.5.2/tesis/sist108695.pdfzTeclea aquí aBK cTESIS n0 c105157d105157 00102local4051708TESISaBCbBCcPA_TESISd2014-03-05fTESISl0oTeisp33724002359644r2019-12-31 00:00:00w2014-03-05yTESIS 00102local4053708TESISaBCbBCcPA_TESISd2014-03-05fTESISl0oTeisp33724002359686r2019-12-31 00:00:00tc.2w2019-12-31yTESIS